书目信息 |
| 题名: |
区域的观念
|
|
| 作者: | 郑冬子 , 郑慧子 著 | |
| 分册: | ||
| 出版信息: | 北京 科学出版社 2010.11 |
|
| 页数: | 249页 | |
| 开本: | 26cm | |
| 丛书名: | ||
| 单 册: | ||
| 中图分类: | P901 | |
| 科图分类: | ||
| 主题词: | 区域地理学 | |
| 电子资源: | ||
| ISBN: | 978-7-03-029474-6 | |
| 000 | 00953nam0 2200265 450 | |
| 001 | 351746 | |
| 005 | 20161017162304.62 | |
| 010 | @a978-7-03-029474-6@dCNY49.00 | |
| 100 | @a20101224d2010 em y0chiy50 ea | |
| 101 | 0 | @achi |
| 102 | @aCN@b110000 | |
| 105 | @aa z 000yy | |
| 106 | @ar | |
| 200 | 1 | @a区域的观念@e时空秩序与伦理@dRegional conception@espace-time order and ethics@f郑冬子,郑慧子著@zeng |
| 210 | @a北京@c科学出版社@d2010.11 | |
| 215 | @a249页@c照片@d26cm | |
| 330 | @a本书共分二十章,包括了地理学的科学问题、哲学问题、时空关系、时空类型、时空秩序与变革、地理事件的观测等内容,提出了人文地理学的根本性研究方式、环境逻辑、社会脑纲和区域共同体等特殊概念。 | |
| 510 | 1 | @aRegional conception@espace-time order and ethics@zeng |
| 517 | 1 | @a时空秩序与伦理 |
| 606 | 0 | @a区域地理学 |
| 690 | @aP901@v5 | |
| 701 | 0 | @a郑冬子@4著 |
| 701 | 0 | @a郑慧子@f(1959~)@4著 |
| 801 | 0 | @aCN@bTANGWEI@c20161009 |
| 905 | @b0896310-4@dP901@e158@f5 | |
| 区域的观念:时空秩序与伦理=Regional conception:space-time order and ethics/郑冬子,郑慧子著.-北京:科学出版社,2010.11 |
| 249页:照片;26cm |
| ISBN 978-7-03-029474-6:CNY49.00 |
| 本书共分二十章,包括了地理学的科学问题、哲学问题、时空关系、时空类型、时空秩序与变革、地理事件的观测等内容,提出了人文地理学的根本性研究方式、环境逻辑、社会脑纲和区域共同体等特殊概念。 |
| ● |
| 相关链接 |
|
|
|
|
正题名:区域的观念
索取号:P901/158
 
预约/预借
| 序号 | 登录号 | 条形码 | 馆藏地/架位号 | 状态 | 备注 |
| 1 | 0896310 | 208963102 | 第二样本阅览室/ [索取号:P901/158] | 在馆 | |
| 2 | 0896311 | 208963111 | 第三借阅区/ [索取号:P901/158] | 在馆 | |
| 3 | 0896312 | 208963120 | 第三借阅区/ [索取号:P901/158] | 在馆 | |
| 4 | 0896313 | 208963139 | 第三借阅区/ [索取号:P901/158] | 在馆 | |
| 5 | 0896314 | 208963148 | 第三借阅区/ [索取号:P901/158] | 在馆 |